Tumbling giant germany's experience with the maastricht fiscal criteria
Salvato in:
| Autore principale: | |
|---|---|
| Altri autori: | |
| Natura: | Libro |
| Lingua: | inglese |
| Pubblicazione: |
Bonn
Zentrum für Europäische Integrationsforschung
1999
|
| Serie: | Working paper
B5 |
| Soggetti: | |
| Tags: |
Nessun Tag, puoi essere il primo ad aggiungerne!!
|
MARC
| LEADER | 00000nam a2200000 4500 | ||
|---|---|---|---|
| 001 | c131237 | ||
| 005 | 20221108124129.9 | ||
| 022 | |a 1436-6053 | ||
| 041 | 0 | |a eng | |
| 044 | |a DE | ||
| 245 | 1 | 0 | |a Tumbling giant |b germany's experience with the maastricht fiscal criteria |c Jürgen von Hagen and Rolf Strauch |
| 264 | 1 | |a Bonn |b Zentrum für Europäische Integrationsforschung |c 1999 | |
| 300 | |a 22 s. | ||
| 490 | 1 | |a Working paper |v B5 | |
| 830 | 0 | |a Working paper |v B5 | |
| 610 | 2 | 0 | |a politika fiškálna |
| 610 | 2 | 0 | |a inflácia |
| 610 | 2 | 0 | |a miera úroková |
| 610 | 2 | 0 | |a mzdy |
| 610 | 2 | 0 | |a produktivita |
| 610 | 2 | 0 | |a Nemecko |
| 100 | 1 | |a Hagen, Jürgen von | |
| 700 | 1 | |a Strauch, Rolf | |